Vděk /
Psychologický román, který otevírá bolestné téma stárnutí a ztrát s ním spojených.
Uloženo v:
| Hlavní autor: | |
|---|---|
| Další autoři: | |
| Médium: | E-kniha |
| Jazyk: | Czech |
| Vydáno: |
Praha :
Odeon,
2024
|
| Vydání: | Vydání druhé |
| Edice: | Světová knihovna (Odeon)
|
| Témata: | |
| Tagy: |
Žádné tagy |
| LEADER | 02642nam a2200469 i 4500 | ||
|---|---|---|---|
| 001 | 312457 | ||
| 003 | CZ PrSKC | ||
| 005 | 20260601215723.0 | ||
| 007 | ta | ||
| 008 | 240806s2024 xr g 000 f cze | ||
| 015 | |a cnb003599889 | ||
| 020 | |a 9788020722331 |q (vázáno) | ||
| 035 | |a (OCoLC)1455302831 | ||
| 040 | |a ABG001 |b cze |e rda | ||
| 041 | 1 | |a cze |h fre | |
| 072 | 7 | |a 821.133.1-3 |x Francouzská próza, francouzsky psaná |2 Konspekt | |
| 080 | |a 821.133.1-31 |2 MRF | ||
| 080 | |a (0:82-311.1) |2 MRF | ||
| 100 | 1 | |a Vigan, Delphine de, |d 1966- |7 jo2011555954 |4 aut | |
| 240 | 1 | 0 | |a Gratitudes. |l Česky |
| 245 | 1 | 0 | |a Vděk / |c Delphine de Vigan ; přeložila Alexandra Pflimpflová |
| 250 | |a Vydání druhé | ||
| 264 | 1 | |a Praha : |b Odeon, |c 2024 | |
| 300 | |a 152 stran ; |c 21 cm | ||
| 336 | |a text |b txt |2 rdacontent | ||
| 337 | |a bez média |b n |2 rdamedia | ||
| 338 | |a svazek |b nc |2 rdacarrier | ||
| 490 | 1 | |a Světová knihovna ; |v svazek 227 | |
| 500 | |a Přeloženo z francouzštiny | ||
| 520 | 2 | |a Psychologický román, který otevírá bolestné téma stárnutí a ztrát s ním spojených. |b Hlavní hrdinka, přáteli důvěrně oslovována Miška, začíná trpět afázií a je nucena opustit svůj byt a odejít do pečovatelského domu. Příběh nám vyprávějí její nejbližší - mladá žena Marie, které Miška svým způsobem nahrazovala matku, a logoped Jérôme. Se slábnoucími vyjadřovacími schopnostmi, které jsou mnohdy nechtěně humorné, se ve zbývajícím čase snaží vyrovnat svůj vnitřní dluh z dětství. Román je nejen dojemným popisem postupného odcházení, ale i zamyšlením nad významem slov, jejichž ztrácením přicházíme o část své svobody a důstojnosti. Vděk je po Poutech další částí zamýšlené volné trilogie, ve které se autorka snaží najít klíč ke složitosti mezilidských vztahů. | |
| 655 | 7 | |a francouzské romány |7 fd132289 |2 czenas | |
| 655 | 7 | |a psychologické romány |7 fd278579 |2 czenas | |
| 655 | 9 | |a French fiction |2 eczenas | |
| 655 | 9 | |a psychological novels |2 eczenas | |
| 700 | 1 | |a Pflimpflová, Alexandra, |d 1948- |7 jk01092947 |4 trl | |
| 830 | 0 | |a Světová knihovna (Odeon) | |
| 900 | |a ABA001 |b 20 | ||
| 928 | 9 | |a Euromedia Group - Odeon | |
| 044 | |a xr | ||
| 910 | |a RBIT002 | ||
| 998 | |d 408009 |a https://core.palmknihy.cz/api/books/408009/cover?sh9dwk |b https://core.palmknihy.cz/api/books/408009/cover/400?sh9dwk |c https://core.palmknihy.cz/api/books/408009/cover/50?sh9dwk |e 2029-03-05 |g 160 |i 9788020722331 |j https://core.palmknihy.cz/api/books/408009/preview.epub |l |q 49 |r 1 |s https://www.palmknihy.cz/kniha/408009 |t ebook |y 2024 |z 0 | ||
| 999 | |d 312455 | ||